| 000 | 00442nam a2200169Ia 4500 | ||
|---|---|---|---|
| 001 | 35814 | ||
| 003 | IN-NITTTR | ||
| 005 | 20251114233431.0 | ||
| 008 | 251113s9999||||xx |||||||||||||| ||eng|| | ||
| 040 | _beng | ||
| 040 | _cIN-NITTTR | ||
| 041 | _aeng | ||
| 082 | _aTA683 .D87 1992eb | ||
| 100 | _aMays, Geoffrey. | ||
| 245 | 0 |
_aDurability of Concrete Structures : _b Investigation, Repair, Protection / _cMays, Geoffrey. |
|
| 942 |
_2ddc _cBK |
||
| 999 |
_c35127 _d35127 |
||